000 00635nam a2200169 4500
999 _c3230
_d3230
001 3960
005 20190920115007.0
008 190920b ||||| |||| 00| 0 eng d
090 0 0 _a495.48 D999t 1990
100 0 0 _aDzongkhag Development Commission.
245 0 0 _aཚིག་དོན་ཀུན་གསལ་མེ་ལོང་།
_cDzongkhag Development Commission, Royal Government of Bhutan.
260 0 0 _aThimphu :
_bDzongkha Development Commission,
_c1990.
300 0 0 _a133 p. ; 22 cm.
650 0 0 _aDzongkha language --Glossaries, vocabularies, etc.
650 0 0 _aDzongkha language --Pronunciation.
942 _2ddc
_cDZONGKHA